[Event "Richmond Keres Memorial 40th"]
[Site "Richmond"]
[Date "2015.05.17"]
[Round "3.1"]
[White "Schulte, Oliver"]
[Black "Sohal, Tanraj"]
[Result "1/2-1/2"]
[WhiteElo "2433"]
[BlackElo "2240"]
[PlyCount "63"]
[EventDate "2015.05.16"]
[EventType "swiss"]
[EventRounds "6"]
[EventCountry "CAN"]
[SourceTitle "EXT 2019"]
[Source "ChessBase"]
[SourceDate "2018.10.10"]
[SourceVersion "1"]
[SourceVersionDate "2018.10.10"]
[SourceQuality "1"]

1. e4 c5 2. Nf3 e6 3. d4 cxd4 4. Nxd4 Nf6 5. Nc3 Nc6 6. Ndb5 Bc5 7. Bf4 0-0 8. Bc7 Qe7 9. Bd6 Bxd6 10. Qxd6 Ne8 11. Qxe7 Nxe7 12. 0-0-0 f5 13. f3 fxe4 14. Nxe4 d5 15. Ned6 Nxd6 16. Nxd6 Rd8 17. Nxc8 Raxc8 18. Bd3 Nc6 19. Rhe1 Kf7 20. a3 h6 21. f4 Re8 22. Rd2 Nd4 23. Kb1 Rc7 24. c3 Nc6 25. Rde2 Rce7 26. Bc2 Rd8 27. h4 Rd6 28. Bd3 Rd8 29. g4 Rf8 30. Bc2 Ke8 31. f5 exf5 32. Bxf5 1/2-1/2

[Event "Keres Memorial 30th"]
[Site "Vancouver"]
[Date "2005.05.23"]
[Round "7"]
[White "Tegzes, Laszlo"]
[Black "Schulte, Oliver"]
[Result "1/2-1/2"]
[WhiteElo "2127"]
[BlackElo "2385"]
[PlyCount "52"]
[EventDate "2005.05.20"]
[EventType "swiss"]
[EventRounds "7"]
[EventCountry "CAN"]
[SourceTitle "CBM 106 Extra"]
[Source "ChessBase"]
[SourceDate "2005.07.01"]
[SourceVersion "1"]
[SourceVersionDate "2005.07.01"]
[SourceQuality "1"]

1. e4 c5 2. c3 d5 3. exd5 Qxd5 4. d4 g6 5. Nf3 Bg7 6. Be2 Nh6 7. 0-0 0-0 8. dxc5 Qxc5 9. Be3 Qc7 10. Qa4 Nf5 11. Bf4 e5 12. Bg3 Nd7 13. Nbd2 Nc5 14. Qa3 Rd8 15. Nc4 Nxg3 16. hxg3 e4 17. Nd4 Bxd4 18. cxd4 Rxd4 19. Rac1 Nd3 20. Bxd3 exd3 21. Nd2 Qd8 22. Rc5 Bg4 23. Rfc1 Qe8 24. Qc3 Rd7 25. Rc4 f5 26. Rc7 Rad8 1/2-1/2

[Event "Select Six 2nd"]
[Site "Edmonton"]
[Date "2000.06.02"]
[Round "1"]
[White "Ottosen, David"]
[Black "Schulte, Oliver"]
[Result "0-1"]
[WhiteElo "2132"]
[BlackElo "2453"]
[PlyCount "40"]
[EventDate "2000.06.02"]
[EventType "tourn"]
[EventRounds "5"]
[EventCountry "CAN"]
[SourceTitle "EXT 2017"]
[Source "ChessBase"]
[SourceDate "2016.10.25"]
[SourceVersion "1"]
[SourceVersionDate "2016.10.25"]
[SourceQuality "1"]

1. e4 Nf6 2. Nc3 e5 3. f4 d5 4. fxe5 Nxe4 5. d3 Qh4+ 6. g3 Nxg3 7. Nf3 Qh5 8. Nxd5 Nxh1 9. Nxc7+ Kd8 10. Nxa8 Nc6 11. Bg2 Nxe5 12. Qe2 Nxf3+ 13. Bxf3 Qh4+ 14. Kf1 Bc5 15. d4 Bh3+ 16. Bg2 Re8 17. Be3 Bxd4 18. Rd1 Bxg2+ 19. Kxg2 Rxe3 20. Qd2 Qe4+ 0-1

[Event "Select Six"]
[Site "Edmonton"]
[Date "1999.06.11"]
[Round "1"]
[White "Schulte, Oliver"]
[Black "Gardner, Robert"]
[Result "1-0"]
[WhiteElo "2457"]
[BlackElo "2328"]
[PlyCount "51"]
[EventDate "1999.06.11"]
[EventType "tourn"]
[EventRounds "5"]
[EventCountry "CAN"]
[SourceTitle "EXT 2017"]
[Source "ChessBase"]
[SourceDate "2016.10.25"]
[SourceVersion "1"]
[SourceVersionDate "2016.10.25"]
[SourceQuality "1"]

1. e4 c5 2. Nf3 d6 3. d4 cxd4 4. Nxd4 Nf6 5. Nc3 a6 6. Bc4 e6 7. Bb3 Nc6 8. Be3 Be7 9. Qe2 Na5 10. 0-0-0 Nxb3+ 11. axb3 Qa5 12. Kb1 Bd7 13. g4 0-0-0 14. g5 Ne8 15. f4 f6 16. f5 fxg5 17. fxe6 Bc6 18. Nf5 Bf6 19. Nd5 Bxd5 20. Rxd5 Qc7 21. Qf2 Qc6 22. Bb6 Nc7 23. Rhd1 Nxd5 24. exd5 Qb5 25. Bxd8 Kxd8 26. Nxd6 1-0

[Event "Select Six"]
[Site "Edmonton"]
[Date "1999.02.13"]
[Round "4"]
[White "Gomboc, Dave"]
[Black "Schulte, Oliver"]
[Result "0-1"]
[WhiteElo "2129"]
[BlackElo "2457"]
[PlyCount "80"]
[EventDate "1999.06.11"]
[EventType "tourn"]
[EventRounds "5"]
[EventCountry "CAN"]
[SourceTitle "EXT 2017"]
[Source "ChessBase"]
[SourceDate "2016.10.25"]
[SourceVersion "1"]
[SourceVersionDate "2016.10.25"]
[SourceQuality "1"]

1. e4 c5 2. Nf3 e6 3. d4 cxd4 4. Nxd4 Nf6 5. Nc3 Nc6 6. Ndb5 d6 7. Bf4 e5 8. Bg5 a6 9. Na3 b5 10. Bxf6 gxf6 11. Nd5 Bg7 12. c3 f5 13. Bd3 Be6 14. 0-0 0-0 15. Qh5 fxe4 16. Bxe4 f5 17. Nf6+ Rxf6 18. Bxc6 Rb8 19. Qe2 Rb6 20. Bf3 e4 21. Bxe4 fxe4 22. Qxe4 d5 23. Qb4 Bf8 24. Qd4 Bxa3 25. bxa3 Bf7 26. Rad1 Rbc6 27. Rd3 Rc4 28. Qe3 Qd6 29. Rfd1 Qf4 30. Qa7 Qc7 31. Rg3+ Rg6 32. Rxg6+ hxg6 33. Qxa6 Rxc3 34. Qxb5 Rc1 35. Qf1 Rxd1 36. Qxd1 Qc3 37. h4 d4 38. Qg4 d3 39. h5 Qa1+ 40. Kh2 Qe5+ 0-1

[Event "Battle of Alberta"]
[Site "Alberta"]
[Date "1998.??.??"]
[Round "1"]
[White "Schulte, Oliver"]
[Black "Huber, Gregory"]
[Result "1/2-1/2"]
[WhiteElo "2395"]
[BlackElo "2265"]
[PlyCount "51"]
[EventDate "1998.??.??"]
[EventType "match"]
[EventRounds "2"]
[EventCountry "CAN"]
[SourceTitle "EXT 2003"]
[Source "ChessBase"]
[SourceDate "2002.11.25"]
[SourceVersion "1"]
[SourceVersionDate "2002.11.25"]
[SourceQuality "1"]

1. e4 c5 2. Nf3 d6 3. d4 cxd4 4. Nxd4 Nf6 5. Nc3 a6 6. Be2 e6 7. 0-0 Nbd7 8. Kh1 b5 9. Bd3 Bb7 10. a3 Rc8 11. Qe1 Be7 12. Bg5 0-0 13. Rd1 Qc7 14. f4 h6 15. Bh4 Rfe8 16. Rf3 Qb6 17. Bf2 Qa5 18. Nb3 Qd8 19. Rh3 Rxc3 20. bxc3 Qa8 21. Re3 Nc5 22. Nxc5 dxc5 23. Bh4 c4 24. Bxf6 Bxf6 25. Bf1 e5 26. f5 1/2-1/2

[Event "Bundesliga 8990"]
[Site "Germany"]
[Date "1990.??.??"]
[Round "?.6"]
[White "Mueller, Karsten"]
[Black "Schulte, Oliver"]
[Result "1/2-1/2"]
[WhiteElo "2380"]
[BlackElo "2405"]
[PlyCount "42"]
[EventDate "1989.10.??"]
[EventType "team-tourn"]
[EventRounds "15"]
[EventCountry "GER"]
[SourceTitle "GER-chT"]
[Source "ChessBase"]
[SourceDate "1999.07.01"]
[SourceVersion "1"]
[SourceVersionDate "1999.07.01"]
[SourceQuality "1"]
[WhiteTeam "Hamburger SK"]
[BlackTeam "Solingen"]
[WhiteTeamCountry "GER"]
[BlackTeamCountry "GER"]

1. e4 e5 2. Nf3 Nf6 3. Nc3 Bb4 4. Nxe5 0-0 5. Be2 Re8 6. Nd3 Bxc3 7. dxc3 Nxe4 8. 0-0 d6 9. Nf4 Nd7 10. Re1 Ndf6 11. Be3 Bf5 12. a4 d5 13. c4 dxc4 14. Bxc4 Ng4 15. Qxd8 Rexd8 16. Bd3 Nxe3 17. Rxe3 Nd6 18. Rae1 Bxd3 19. Rxd3 Re8 20. Rxe8+ Rxe8 21. Kf1 Kf8 1/2-1/2

[Event "Bundesliga 8889"]
[Site "Germany"]
[Date "1989.??.??"]
[Round "?.5"]
[White "Schulte, Oliver"]
[Black "Koepf, Ulrich"]
[Result "1-0"]
[WhiteElo "2430"]
[BlackElo "2245"]
[PlyCount "52"]
[EventDate "1988.10.??"]
[EventType "team-tourn"]
[EventRounds "15"]
[EventCountry "GER"]
[SourceTitle "GER-chT"]
[Source "ChessBase"]
[SourceDate "1999.07.01"]
[SourceVersion "1"]
[SourceVersionDate "1999.07.01"]
[SourceQuality "1"]
[WhiteTeam "Solingen"]
[BlackTeam "Muenchen 36"]
[WhiteTeamCountry "GER"]
[BlackTeamCountry "GER"]

1. d4 Nf6 2. c4 e6 3. Nf3 b6 4. Nc3 Bb4 5. Qb3 c5 6. e3 Nc6 7. a3 Bxc3+ 8. Qxc3 0-0 9. Bd3 Qe7 10. 0-0 Bb7 11. Rb1 d6 12. b4 Nd7 13. Bb2 f6 14. Qc2 g6 15. Bc3 e5 16. dxc5 dxc5 17. Be4 Rfc8 18. Rbd1 Nf8 19. Bd5+ Kg7 20. bxc5 Qxc5 21. Qe4 Qe7 22. g4 Ne6 23. g5 Nxg5 24. Nxg5 fxg5 25. c5 Qxc5 26. Bb4 Nxb4 1-0

[Event "Hamburg-Dresden"]
[Site "Hamburg"]
[Date "1988.02.24"]
[Round "1.2"]
[White "Schulte, Oliver"]
[Black "Teske, Henrik"]
[Result "1-0"]
[WhiteElo "2440"]
[BlackElo "2425"]
[PlyCount "115"]
[EventDate "1988.02.24"]
[EventType "team"]
[EventRounds "1"]
[EventCountry "GER"]
[SourceTitle "EXT 1997"]
[Source "ChessBase"]
[SourceDate "1996.11.15"]
[SourceVersion "1"]
[SourceVersionDate "1996.11.15"]
[SourceQuality "1"]

1. d4 Nf6 2. c4 a6 3. Nf3 c5 4. e3 b6 5. Nc3 e6 6. dxc5 Bxc5 7. Be2 Bb7 8. 0-0 0-0 9. Na4 Nc6 10. Nxc5 bxc5 11. b3 Qe7 12. Bb2 Rfd8 13. Qc2 d6 14. a3 e5 15. Rad1 Rab8 16. Nd2 Rd7 17. Bc3 Rbd8 18. Bf3 Qe6 19. Ne4 h6 20. Nxf6+ Qxf6 21. Rd2 Ne7 22. Bxb7 Rxb7 23. f4 Qg6 24. f5 Qf6 25. b4 cxb4 26. axb4 Rc8 27. Qe4 d5 28. Qxe5 Qxe5 29. Bxe5 dxc4 30. Bc3 f6 31. Rf4 Rb5 32. e4 Rc7 33. Rd4 Kf7 34. Rf1 Nc8 35. Kf2 Rb6 36. Rfd1 Ke7 37. e5 fxe5 38. Rd5 Rd6 39. Bxe5 Rxd5 40. Rxd5 Rb7 41. Bxg7 Rxb4 42. Bxh6 Kf6 43. h4 Nb6 44. Bg5+ Kf7 45. Rc5 Rb5 46. Rc7+ Ke8 47. g4 Rb2+ 48. Ke1 c3 49. f6 Nd7 50. Rxc3 Rb4 51. Rc8+ Kf7 52. Rc7 Ke6 53. Rxd7 Kxd7 54. f7 Rb1+ 55. Ke2 Rb2+ 56. Kd3 Rb3+ 57. Ke4 Rb4+ 58. Ke5 1-0

[Event "Oakham House"]
[Site "Canada"]
[Date "1988.??.??"]
[Round "4"]
[White "Day, Lawrence A"]
[Black "Schulte, Oliver"]
[Result "0-1"]
[WhiteElo "2375"]
[BlackElo "2440"]
[PlyCount "86"]
[EventDate "1988.??.??"]
[EventType "tourn"]
[EventRounds "11"]
[EventCountry "CAN"]
[EventCategory "3"]
[SourceTitle "EXT 1997"]
[Source "ChessBase"]
[SourceDate "1996.11.15"]
[SourceVersion "1"]
[SourceVersionDate "1996.11.15"]
[SourceQuality "1"]

1. e4 e5 2. f4 d5 3. exd5 c6 4. Nc3 exf4 5. Nf3 Bd6 6. d4 Ne7 7. dxc6 Nbxc6 8. Bd3 Bg4 9. Ne2 Bxf3 10. gxf3 Qa5+ 11. c3 Qg5 12. Kd2 Qh5 13. Rf1 Qxh2 14. Kc2 Nd5 15. Be4 Rc8 16. a3 Nxd4+ 17. Kb1 Qxe2 18. Bxd5 Qxd1 19. Rxd1 Nc6 20. b4 Be5 21. Re1 0-0 22. Bb2 Rfe8 23. Ka2 Kf8 24. Kb3 Rc7 25. Rad1 f6 26. a4 g5 27. Rh1 Rd8 28. b5 Ne7 29. Be6 Rxd1 30. Rxd1 Kg7 31. Rd3 f5 32. Ba3 Kf6 33. Bd7 Ng6 34. a5 b6 35. axb6 axb6 36. c4 h5 37. c5 bxc5 38. Bc6 Bd4 39. Rd2 Ne7 40. Be8 h4 41. Kc4 Nc8 42. Kd5 Nb6+ 43. Kd6 Be5# 0-1

[Event "Oakham YM"]
[Site "Oakham"]
[Date "1988.??.??"]
[Round "?"]
[White "Navrotescu, Catalin"]
[Black "Schulte, Oliver"]
[Result "0-1"]
[WhiteElo "2280"]
[BlackElo "2440"]
[PlyCount "60"]
[EventDate "1988.03.??"]
[EventType "swiss"]
[EventRounds "9"]
[EventCountry "ENG"]
[SourceTitle "TD"]
[Source "ChessBase"]
[SourceDate "1994.03.01"]
[SourceVersion "1"]
[SourceVersionDate "1994.03.01"]
[SourceQuality "1"]

1. d4 Nf6 2. c4 e6 3. Nc3 Bb4 4. e3 b6 5. Nf3 Ne4 6. Qc2 Bb7 7. Bd3 Bxc3+ 8. bxc3 f5 9. 0-0 0-0 10. Rb1 Rf6 11. Ne1 Rh6 12. g3 Rf6 13. f3 Nd6 14. Ng2 Nc6 15. c5 Nf7 16. e4 fxe4 17. Bxe4 h6 18. f4 Na5 19. Bh7+ Kh8 20. Ne3 Qf8 21. Ng4 Ng5 22. Re1 Nxh7 23. Nxf6 Qxf6 24. Be3 Ng5 25. fxg5 Qf3 26. Re2 Be4 27. Rf1 Qh1+ 28. Kf2 Rf8+ 29. Bf4 Qxf1+ 30. Kxf1 Bxc2 0-1

[Event "Oakham House"]
[Site "Canada"]
[Date "1988.??.??"]
[Round "9"]
[White "Nickoloff, Bryon"]
[Black "Schulte, Oliver"]
[Result "1-0"]
[WhiteElo "2390"]
[BlackElo "2440"]
[PlyCount "77"]
[EventDate "1988.??.??"]
[EventType "tourn"]
[EventRounds "11"]
[EventCountry "CAN"]
[EventCategory "3"]
[SourceTitle "EXT 1997"]
[Source "ChessBase"]
[SourceDate "1996.11.15"]
[SourceVersion "1"]
[SourceVersionDate "1996.11.15"]
[SourceQuality "1"]

1. d4 Nf6 2. c4 e6 3. Nf3 c5 4. d5 exd5 5. cxd5 d6 6. Nc3 g6 7. Nd2 Bg7 8. e4 0-0 9. Be2 Re8 10. 0-0 Na6 11. f3 Nc7 12. a4 b6 13. Nc4 Ba6 14. Bg5 h6 15. Be3 Qd7 16. Qd2 Bxc4 17. Bxc4 Kh7 18. Rfe1 a6 19. Bf1 b5 20. Ra2 Reb8 21. Rea1 b4 22. Nd1 b3 23. Ra3 Rb4 24. Qc1 Re8 25. Bd2 Nxe4 26. fxe4 Rbxe4 27. Rxb3 Nxd5 28. Rf3 Bd4+ 29. Kh1 Nf6 30. Bc3 Ng4 31. Bxd4 Rxd4 32. Nf2 Ne5 33. Rf4 Rb4 34. Rxb4 cxb4 35. Qf4 Qa7 36. Ne4 Nc6 37. Nxd6 Kg7 38. Nc4 g5 39. Qd6 1-0

[Event "Bielsko Biala"]
[Site "Bielsko Biala"]
[Date "1988.??.??"]
[Round "9"]
[White "Podlesnik, Bogdan"]
[Black "Schulte, Oliver"]
[Result "1/2-1/2"]
[WhiteElo "2345"]
[BlackElo "2440"]
[PlyCount "85"]
[EventDate "1988.??.??"]
[EventType "tourn"]
[EventRounds "11"]
[EventCountry "POL"]
[EventCategory "6"]
[SourceTitle "EXT 1997"]
[Source "ChessBase"]
[SourceDate "1996.11.15"]
[SourceVersion "1"]
[SourceVersionDate "1996.11.15"]
[SourceQuality "1"]

1. e4 c5 2. Nf3 e6 3. d4 cxd4 4. Nxd4 Nf6 5. Bd3 Nc6 6. Nxc6 bxc6 7. c4 d5 8. exd5 cxd5 9. 0-0 Be7 10. Nc3 0-0 11. cxd5 exd5 12. Be3 Bd6 13. h3 Be5 14. Bc5 Re8 15. Bb5 Bd7 16. Bxd7 Qxd7 17. Bd4 Rab8 18. Bxe5 Rxe5 19. Qd4 Qe7 20. f4 Re6 21. Rad1 h6 22. Rd2 Ne4 23. Nxe4 dxe4 24. f5 Reb6 25. b3 Re8 26. Qe3 Rc6 27. Rf4 Rc1+ 28. Kf2 Qg5 29. Re2 Rc3 30. h4 Rxe3 31. hxg5 Rxe2+ 32. Kxe2 hxg5 33. Rf2 f6 34. Ke3 g6 35. fxg6 Kg7 36. Rf5 Kxg6 37. g4 Re6 38. Ra5 a6 39. Rc5 Rd6 40. Kxe4 Rd2 41. a4 Rf2 42. Rc4 f5+ 43. gxf5+ 1/2-1/2

[Event "Oakham YM"]
[Site "Oakham"]
[Date "1988.??.??"]
[Round "?"]
[White "Rechlis, Gad"]
[Black "Schulte, Oliver"]
[Result "1-0"]
[WhiteElo "2475"]
[BlackElo "2440"]
[PlyCount "49"]
[EventDate "1988.03.??"]
[EventType "swiss"]
[EventRounds "9"]
[EventCountry "ENG"]
[SourceTitle "TD"]
[Source "ChessBase"]
[SourceDate "1994.03.01"]
[SourceVersion "1"]
[SourceVersionDate "1994.03.01"]
[SourceQuality "1"]

1. d4 Nf6 2. c4 e6 3. Nf3 c5 4. Nc3 cxd4 5. Nxd4 Nc6 6. g3 Qb6 7. Nb3 Ne5 8. e4 Bb4 9. Qe2 0-0 10. f4 Nc6 11. Be3 Qd8 12. Bg2 d5 13. e5 Ne4 14. 0-0-0 Nxc3 15. bxc3 Ba3+ 16. Kb1 Qc7 17. Bc1 Bxc1 18. Rxc1 dxc4 19. Qxc4 Bd7 20. Rhd1 Rfc8 21. Rd6 Be8 22. Rcd1 Rab8 23. Be4 b6 24. Bxc6 Bxc6 25. Rxc6 1-0

[Event "Oakham YM"]
[Site "Oakham"]
[Date "1988.??.??"]
[Round "?"]
[White "Schulte, Oliver"]
[Black "Burgess, Mark R"]
[Result "1-0"]
[WhiteElo "2440"]
[BlackElo "2250"]
[PlyCount "103"]
[EventDate "1988.03.??"]
[EventType "swiss"]
[EventRounds "9"]
[EventCountry "ENG"]
[SourceTitle "TD"]
[Source "ChessBase"]
[SourceDate "1994.03.01"]
[SourceVersion "1"]
[SourceVersionDate "1994.03.01"]
[SourceQuality "1"]

1. d4 Nf6 2. c4 e6 3. Nf3 Bb4+ 4. Nbd2 b6 5. a3 Bxd2+ 6. Qxd2 Bb7 7. g3 d5 8. cxd5 Qxd5 9. Bg2 Nc6 10. 0-0 Na5 11. Qg5 0-0 12. Qxd5 Bxd5 13. Bf4 Nb3 14. Rad1 Rac8 15. Ne5 Bxg2 16. Kxg2 c5 17. dxc5 Nxc5 18. b4 Nce4 19. Kf3 Rc3+ 20. Rd3 Rxd3+ 21. Nxd3 g5 22. Be3 Rc8 23. Rc1 g4+ 24. Kf4 Nc3 25. Ke5 Nd7+ 26. Kd6 Nb8 27. Ne5 h5 28. Bd2 Ne4+ 29. Ke7 Rxc1 30. Bxc1 Nxf2 31. b5 Ne4 32. Nc6 Nc3 33. Nxb8 Nxe2 34. Be3 Nc3 35. Bc1 Nxb5 36. Nd7 Nc3 37. Nf6+ Kg7 38. Nxh5+ Kg6 39. Nf4+ Kf5 40. Kxf7 e5 41. Ng2 Nd5 42. Nh4+ Ke4 43. Kg6 b5 44. Kg5 a5 45. Ng6 Kd3 46. Kxg4 Kc2 47. Bh6 b4 48. axb4 a4 49. Bg7 a3 50. Nxe5 a2 51. Nf3 Nc3 52. Nd4+ 1-0

[Event "Bielsko Biala"]
[Site "Bielsko Biala"]
[Date "1988.??.??"]
[Round "10"]
[White "Schulte, Oliver"]
[Black "Matlak, Marek"]
[Result "0-1"]
[WhiteElo "2440"]
[BlackElo "2410"]
[PlyCount "100"]
[EventDate "1988.??.??"]
[EventType "tourn"]
[EventRounds "11"]
[EventCountry "POL"]
[EventCategory "6"]
[SourceTitle "EXT 1997"]
[Source "ChessBase"]
[SourceDate "1996.11.15"]
[SourceVersion "1"]
[SourceVersionDate "1996.11.15"]
[SourceQuality "1"]

1. d4 d5 2. Nf3 c6 3. c4 e6 4. Qc2 Nf6 5. Bg5 Be7 6. cxd5 exd5 7. e3 Bg4 8. Nbd2 Nbd7 9. Bd3 Bh5 10. Ne5 Nxe5 11. dxe5 Nd7 12. Bf4 Nc5 13. Bf5 Bg6 14. Bxg6 hxg6 15. 0-0-0 Qa5 16. Kb1 0-0-0 17. Nf3 Qa4 18. Qxa4 Nxa4 19. Rc1 Rde8 20. Rhd1 Nb6 21. Nd4 Kd7 22. f3 Bd8 23. Bg3 Bh4 24. Bf4 Bd8 25. Bg3 Bc7 26. f4 f6 27. e6+ Ke7 28. f5 Be5 29. fxg6 Bxd4 30. Rxd4 Kxe6 31. e4 dxe4 32. Rf1 e3 33. Rd6+ Ke7 34. Re1 Nd5 35. b4 Rh5 36. b5 Re5 37. Bxe5 fxe5 38. Rxd5 cxd5 39. Rxe3 Kd6 40. Ra3 e4 41. Kc2 d4 42. Kd2 e3+ 43. Ke1 Kd5 44. Rxa7 Re7 45. Ra8 d3 46. Rc8 Kd4 47. Rd8+ Kc4 48. h4 Re6 49. h5 Re5 50. g4 Rxb5 0-1

[Event "Oakham YM"]
[Site "Oakham"]
[Date "1988.??.??"]
[Round "?"]
[White "Schulte, Oliver"]
[Black "Sadler, Matthew D"]
[Result "0-1"]
[WhiteElo "2440"]
[BlackElo "2385"]
[PlyCount "118"]
[EventDate "1988.03.??"]
[EventType "swiss"]
[EventRounds "9"]
[EventCountry "ENG"]
[SourceTitle "TD"]
[Source "ChessBase"]
[SourceDate "1994.03.01"]
[SourceVersion "1"]
[SourceVersionDate "1994.03.01"]
[SourceQuality "1"]

1. d4 d5 2. Nf3 e6 3. c4 dxc4 4. Nc3 a6 5. e4 b5 6. a4 b4 7. Nb1 Bb7 8. Qc2 Nf6 9. e5 Bxf3 10. gxf3 Nd5 11. Bxc4 c5 12. dxc5 Nc6 13. Qe4 Bxc5 14. Be3 Bxe3 15. fxe3 Qb6 16. Ke2 0-0 17. Nd2 f5 18. exf6 Nxf6 19. a5 Qc7 20. Bxe6+ Kh8 21. Qc4 Qd6 22. Bf5 Rad8 23. Nb3 Qe5 24. Qxc6 Qxf5 25. Rad1 Rc8 26. Qb7 Qh3 27. Rhf1 Qxh2+ 28. Rf2 Qe5 29. Qxb4 Nd5 30. Qd4 Nf4+ 31. Ke1 Qb5 32. Na1 Qxa5+ 33. b4 Qb5 34. Nc2 Rce8 35. Rdd2 Qh5 36. Kd1 Nh3 37. Rg2 Qxf3+ 38. Kc1 Qf1+ 39. Kb2 Qf6 40. Qxf6 Rxf6 41. Na3 h6 42. Nc4 Re7 43. Rd4 Kh7 44. Kb3 g5 45. Ka4 h5 46. Ka5 g4 47. Rd5 Kh6 48. Ne5 Rg7 49. Rc5 g3 50. Rc6 Rxc6 51. Nxc6 h4 52. Kxa6 Nf2 53. Nd4 Rg6+ 54. Ka7 Ne4 55. Nf5+ Kg5 56. Nxg3 hxg3 57. b5 Kg4 58. b6 Nd6 59. Rd2 Nc8+ 0-1

[Event "Oakham YM"]
[Site "Oakham"]
[Date "1988.??.??"]
[Round "?"]
[White "Schulte, Oliver"]
[Black "Sokolov, Ivan"]
[Result "0-1"]
[WhiteElo "2440"]
[BlackElo "2545"]
[PlyCount "84"]
[EventDate "1988.03.??"]
[EventType "swiss"]
[EventRounds "9"]
[EventCountry "ENG"]
[SourceTitle "TD"]
[Source "ChessBase"]
[SourceDate "1994.03.01"]
[SourceVersion "1"]
[SourceVersionDate "1994.03.01"]
[SourceQuality "1"]

1. d4 Nf6 2. c4 g6 3. Nc3 d5 4. cxd5 Nxd5 5. e4 Nxc3 6. bxc3 Bg7 7. Bc4 0-0 8. Ne2 b6 9. 0-0 Bb7 10. f3 Nc6 11. Bg5 Na5 12. Bd3 c5 13. d5 Qd7 14. Rb1 c4 15. Bc2 e6 16. d6 f6 17. Bc1 Rfd8 18. Ba3 Bf8 19. Ba4 Bc6 20. Bxc6 Nxc6 21. Qa4 Ne5 22. Qxd7 Rxd7 23. f4 Nd3 24. f5 exf5 25. exf5 Bxd6 26. Bxd6 Rxd6 27. Nd4 Kf7 28. Rf3 Re8 29. Nb5 Rd7 30. fxg6+ hxg6 31. Rbf1 f5 32. g4 f4 33. Na3 Re4 34. Rd1 Ne5 35. Rxd7+ Nxd7 36. Nb5 Ke6 37. Nxa7 Ne5 38. Rf1 Nxg4 39. Nc6 g5 40. Nd4+ Rxd4 41. cxd4 Kd5 42. h4 gxh4 0-1